000 00403nam a22001577a 4500
005 20260527122417.0
008 260527b |||||||| |||| 00| 0 eng d
041 _2ENGLISH
100 _aLEONARD CURRIE
245 _aLETTER WORK CREATIVE LETTER FORME IN GRAPHIC DESIGN
250 _a1993
260 _aNEW YORK
_bPHAIDON PRESS
_c1/12/2025
300 _aP-160
365 _b2686.30
942 _cBK
999 _c1222107
_d1222107